|
|
|
|
| LEADER |
01141nam a22003017a 4500 |
| 001 |
28170 |
| 003 |
BD-DhAAL |
| 005 |
20190523135109.0 |
| 008 |
140710s2013 enkae b 001 0 eng d |
| 999 |
|
|
|c 32855
|d 32855
|
| 020 |
|
|
|a 9780714848006 (hardback)
|
| 020 |
|
|
|a 071484800X (hardback)
|
| 040 |
|
|
|a BD-DhAAL
|c BD-DhAAL
|
| 041 |
|
|
|a eng
|
| 082 |
0 |
4 |
|2 23
|a 720.92
|
| 100 |
1 |
|
|a McCarter, Robert
|d 1955
|9 5350
|
| 245 |
1 |
0 |
|a Carlo Scarpa /
|c Robert McCarter.
|
| 260 |
|
|
|a London :
|b Phaidon Press,
|c c2013
|
| 300 |
|
|
|a 287 pages :
|b ill. (chiefly col.), plans ;
|c 30 cm.
|
| 504 |
|
|
|a Includes bibliographical references (p. 283-[284]) and index.
|
| 526 |
|
|
|a ARC
|
| 541 |
|
|
|e 28170
|
| 600 |
1 |
0 |
|a Scarpa, Carlo,
|d 1906-1978
|x Criticism and interpretation.
|9 5351
|
| 650 |
|
0 |
|a Architecture
|x History
|y 20th century.
|z Italy
|9 5352
|
| 650 |
|
0 |
|a Architecture
|x History
|y 20th century.
|z Italy
|z Venice
|9 5353
|
| 700 |
1 |
0 |
|a Scarpa, Carlo,
|d 1906-1978.
|9 5354
|
| 942 |
|
|
|2 ddc
|c BK
|
| 952 |
|
|
|0 0
|1 0
|2 ddc
|4 0
|6 720_920000000000000_MCC
|7 0
|9 43089
|a BRACUL
|b BRACUL
|c GEN
|d 2014-07-10
|e Trim Education
|g 9675.00
|l 0
|o 720.92 MCC
|p 3010028170
|r 2014-07-10
|t 1
|w 2014-07-10
|y BK
|